000 00339nam a2200109Ia 4500
008 240129s9999 xx 000 0 und d
100 _aTAHILIANI, KOMAL
245 3 _aAN APPROACH FOR DATA HIDING AND RETRIEVAL OF ENCRYPTED IMAGE
260 _bMEWAR UNIVERSITY, CHITTORGARH
_c2021
650 _aComputer Science & Engineering
942 _cTHE
999 _c218900
_d218900